| 000 | 00368 a2200121 4500 | ||
|---|---|---|---|
| 005 | 20250623132412.0 | ||
| 020 | _a978-1-4462-1045-1 | ||
| 082 | _a370.705 ADV | ||
| 245 | _aAn Adventure in Statistics: The Reality Enigma Andy Field | ||
| 260 |
_aLondon _bILES. J _c2016. |
||
| 300 |
_a746p,; ill, figure, table & picture _bAppendix, Glossary & Index _c23cm |
||
| 942 |
_2ddc _cBKS |
||
| 999 |
_c4653 _d4653 |
||